000 00239 a2200097 4500
001 34707
100 _aPaxton J
245 _aLibrary & Information science in Pakistan
260 _aLahore
_bPunjab University Ltd
_c
090 _c22990
_d22990
942 _aNUST-CAE
_cM
_c14436
999 _c269780
_d269780